000 01924 am a2200589 a 4500
005 20240508100505.0
008 100706s2004||||ag a f |||| 001 0 spa d
020 _a9500618753
041 _aspa
092 _c611.018
_l75
_sROS
100 1 _aRoss, Michael H.
_916
245 _aHistología.
_bTexto y atlas color con Biología celular y molecular /
_cMichael H. Ross
250 _a4a ed.
_bTraducción Jorge Horacio Negrete.
260 _aBuenos Aires:
_bEditorial Médica Panamericana;
_c2004.
300 _a864 p.
_eCD Rom
_bil.
500 _aRoss, M. H., Kaye, G. I., y Pawlina, W. (2004). Histología. Texto y atlas color con biología celular y molecular. (4a ed.). Buenos Aires : Editorial Médica Panamericana.
653 _aTécnica histológica y microscopia
653 _aCélula
653 _aTejidos: conceptos y clasificación
653 _aTejido epitelial
653 _aTejido conjuntivo
653 _aTejido adiposo
653 _aTejido cartilaginoso
653 _aTejido óseo
653 _aTejido sanguíneo
653 _aTejido muscular
653 _aTejido nervioso
653 _aAparato cardiovascular
653 _aSistema linfático
653 _aPiel y faneras
653 _aAparato digestivo I: cavidad oral y estructuras asociadas
653 _aAparato digestivo II: esófago, estómago e intestino
653 _aAparato digestivo III: higado, vesícula biliar y páncreas
653 _aAparato respiratorio
653 _aAparato urinario
653 _aSistema endocrino
653 _aAparato genital masculino
653 _aAparato genital femenino
653 _aOjo
653 _aOído
700 1 _aKaye, Gordon I.
_9144
700 1 _aPawlina, Wojciech.
_917
930 _a1312
930 _a1313
930 _a1314
930 _a1315
930 _a1316
930 _a1317
930 _a1318
930 _a1152
942 _2ddc
_cBK
999 _c482
_d482